| 000 | 00771nam a22002297a 4500 | ||
|---|---|---|---|
| 005 | 20170124110014.0 | ||
| 010 | _aB-121805 | ||
| 020 |
_c00.00 _a8126121793 |
||
| 035 | _aB-121805 | ||
| 037 | _bCen Lib/Ret | ||
| 040 |
_aDPL _bEN |
||
| 082 |
_a305.4 _bSAH |
||
| 100 |
_aShanthi, K. _918417 |
||
| 245 |
_aWomen in India : _cby K. Shanthi _bretrospect and prospect / |
||
| 260 |
_aNew Delhi _bAnmol Publications _c2005 |
||
| 270 |
_a4374/4B, Ansari Road, Darya Ganj _bNew Delhi _e110002 |
||
| 300 |
_aix,265p. _c22cm(Hb) |
||
| 500 | _aIncludes bibliographical references and index | ||
| 650 |
_aWomen -- India -- Economic conditions _96886 |
||
| 650 |
_aWomen -- India -- Social conditions _96885 |
||
| 942 |
_2ddc _cEN _h305.4 _mSAH |
||
| 999 |
_c126764 _d126764 |
||